Loading...
| Science - Chemistry | 0 | 7 | 2 | 1 | 60 | 50 | 71.57 | 2 | 2 | 0.00 | 0.00 |
| Mythology | 0 | 5 | 0 | 0 | 50 | 23 | 71.00 | 1 | 3 | 0.00 | 0.00 |
| Science - Biology | 0 | 6 | 2 | 0 | 50 | 23 | 57.00 | 3 | 6 | 0.00 | 0.00 |
| Science - Other | 0 | 5 | 1 | 2 | 45 | 36 | 83.20 | 1 | 2 | 0.00 | 0.00 |
| Science - Physics | 0 | 4 | 1 | 1 | 35 | 48 | 84.75 | 1 | 1 | 0.00 | 0.00 |
| History - World | 0 | 3 | 1 | 0 | 25 | 60 | 74.00 | 0 | 2 | 0.00 | 0.00 |
| Literature - British | 0 | 2 | 0 | 0 | 20 | 26 | 51.50 | 1 | 2 | 0.00 | 0.00 |
| Literature - European | 0 | 2 | 0 | 0 | 20 | 36 | 63.50 | 1 | 1 | 0.00 | 0.00 |
| Religion | 0 | 2 | 1 | 0 | 15 | 94 | 94.50 | 1 | 1 | 0.00 | 0.00 |
| Social Science | 0 | 1 | 0 | 0 | 10 | 46 | 46.00 | 1 | 1 | 0.00 | 0.00 |
| Fine Arts - Painting and Sculpture | 0 | 1 | 0 | 0 | 10 | 81 | 81.00 | 0 | 1 | 0.00 | 0.00 |
| Literature - American | 0 | 1 | 0 | 0 | 10 | 57 | 57.00 | 0 | 1 | 0.00 | 0.00 |
| Literature - World | 0 | 1 | 0 | 0 | 10 | 111 | 111.00 | 0 | 0 | 0.00 | 0.00 |
| Current Events | 0 | 1 | 0 | 0 | 10 | 53 | 53.00 | 1 | 1 | 0.00 | 0.00 |
| History - American | 0 | 0 | 1 | 0 | -5 | 0.00 | 0 | 0 | 0.00 | 0.00 | |
| History - Other | 0 | 0 | 1 | 0 | -5 | 0.00 | 0 | 0 | 0.00 | 0.00 |